000 00568nam a2200169 i 4500
001 50807
003 ES-MaACL
005 20230906162236.0
007 t|
008 030806s1979 sp ||||1| spa d
100 1 _aChambre, Henri.
_937867
245 1 3 _aLa evolución del marxismo soviético
_b: teoría económica y derecho /
_cHenri Chamber ; [traducción por Miguel A. Fernández Ballesteros].
260 _aMadrid :
_bTecnos,
_c[1979]
300 _a358 p. ;
_c24 cm.
700 1 _aFernández Ballesteros, Miguel A.
_949497
852 _aES-MaACL
_jA-10317
_bR.99303
999 _c50807
_d50807